000 01209nam a2200361Ic 4500
001 59924
003 CO-BoRNBP
005 20251112145716.0
007 ta
008 210811s2017 sp a jr 000 0 spa d
020 _a9788498745436
040 _aCO-BoRNBP
_bspa
_erda
_cCO-BoRNBP
041 1 _aspa
_heng
082 0 4 _a645.61
_bW35l
_222
082 0 4 _a745.61
_bW35i
_222
100 _aWinters, Eleanor
_eaut
_967191
245 1 0 _aIniciación a la caligrafía /
_cEleanor Winters ; traducción Anna Coll ; editor David Domingo.
250 _a1a. edición
264 1 _aMadird, España :
_bEditorial El Drac,
_c2017
300 _a128 páginas :
_bilustraciones
336 _atexto
_btxt
_2rdacontent
337 _asin mediación
_bn
_2rdamedia
338 _avolumen
_bnc
_2rdacarrier
500 _aIncluye índice alfabético al final del texto
521 _aRecomendado para un público mayor de 15 años
534 _tCalligraphy for kids
650 0 7 _aCaligrafía
_xTécnica
_2lemb
_967192
650 0 7 _aEscultura Gotica
_xTécnica
_2lemb
_967193
650 0 7 _aEscritura
_xTécnica
_2rnbp
_967194
650 0 7 _aGrafología
_xTécnica
_2lemb
_967195
700 _aColl Vinent, Anna
_etrl
942 _2ddc
_cBK
999 _c59924
_d59924